Villes suisses - Mort subite - Statistiques

Statistiques générales
  • Ce quiz a été pris 194 fois
  • Le résultat moyen est 12 sur 19
Answers on the Grid
Answers color-coded by a green-red scale on the quiz's grid according to % correct below.
Aoste
Baar
Bellinzona
Bergame
Berne
Chur
Colmar
Côme
Domodossola
Évian-les-Bains
Fribourg
Genève
Groningen
Kitzbühel
La Chaux-de-Fonds
Lausanne
Leipzig
Lucerne
Lugano
Montreux
Mulhouse
Neuchâtel
Nyon
Plaisance
Rapperswil-Jona
Saint-Gall
Salzbourg
Sion
Strasbourg
Tubingue
Turin
Vaduz
Varèse
Winterthur
Yverdon-les-Bains
Zurich
 
Statistiques - réponses
Réponse % Correct
Berne
94%
Genève
84%
Lausanne
78%
Lucerne
75%
Montreux
75%
Zurich
74%
Neuchâtel
72%
Lugano
65%
Sion
65%
Nyon
62%
Saint-Gall
58%
Yverdon-les-Bains
56%
Fribourg
55%
La Chaux-de-Fonds
53%
Bellinzona
48%
Winterthur
48%
Chur
42%
Baar
35%
Rapperswil-Jona
34%
Aucun quiz correspondant
Distribution des résultats
% des personnes avec chaque résultat
Percentile par nombre de réponses
Votre historique - résultats
Vous n’avez pas pris ce quiz